000 01426pam a2200277 i 4500
003 KPN
005 20260409164355.0
008 20260409b 00| 0 my d
020 _a9789830975726
_qpaperback
_cRM17.00
040 _cKPN
082 0 4 _a297.1224045 AMR 2016
_223
090 0 0 _a297.1224045 AMR 2016
_bAMR
100 0 _aAmri Mohd. Nason,
_d1983-
_eauthor.
245 1 0 _aAku mahu anakku super man [strikethrough] al-Quran /
_cAmri Mohd Nason, Aishah Hashimee ; Penyunting Zuraimi Ismail
246 3 3 _aAku mahu anakku superman al-Quran
246 3 3 _aAku mahu anakku super al-Quran
264 1 _aPetaling Jaya, Selangor :
_bGaleri Ilmu Sdn. Bhd.,
_c2016
300 _aviii, 110 pages :
_bcolour photographs ;
_c22 cm
500 _aContains verses from the Qur'an
521 _aBuku ini mendedahkan 3 langkah yang mudah dan berkesan untuk ibu bapa mendidik anak-anak kecil hafal al-Quran tanpa paksaan. 3 langkah mudah ini adalah berdasarkan pengalaman peribadi pasangan penulis ini mengajar anak-anak mereka hafal al-Quran sejak kecil dan kini sudah hafal lebih 70 surah. Turut dimuatkan, pelbagai tip keibubapaan dan metod Rasulullah dalam mendidik dan berinteraksi dengan kanak-kanak. Disampaikan dengan santai berserta infografik yang menarik.
630 0 0 _aQur'an
_xMemorizing
630 0 0 _aQur'an
_xRecitation
700 0 _aAishah Hashimee,
_d1985-
_eauthor.
700 0 _aZuraimi Ismail,
_d1969-
_eeditor.
942 _2ddc
_c1
_n0
999 _c1804
_d1804